000 00708nam a2200229Ia 4500
005 20240111095038.0
008 131103s9999 xx 000 0 und d
020 _a076195633 6
_c15.99 pds
040 _aLoreto College
041 _aEnglish
082 _a327.1
_bELI
245 _aForeign and security policy in the European Union
_cedited by Kjell A.Eliassen
260 _aLondon
_bSage Publications
_c1998
300 _ax, 246 p.
504 _aIncludes bibliographical references and index
630 _aEuropean Union - Foreign Policy
650 _aPolitics - International Relations -
651 _aPolitical Science -
700 _aEliassen, Kjell A., ed.
850 _aLCLIB
942 _cBK
999 _c1532
_d52011